|
|
|
|
| LEADER |
00000nkm a2200000 a 4500 |
| 001 |
vtls011581750 |
| 003 |
SK-MaSNL |
| 005 |
20260302020317.0 |
| 007 |
kf ao |
| 008 |
231214s1947 xo g 00 kuslo |
| 015 |
|
|
|a SNBG
|
| 035 |
|
|
|a urn:nbn:sk:snk-km00c0hn
|
| 035 |
|
|
|a urn:nbn:sk:snk-km3lpfc
|
| 035 |
|
|
|a D03F0CD6-9AD8-4963-B41D-8E6412DDFD3A
|
| 040 |
|
|
|a SNK
|b slo
|c SNK
|e AACR2
|
| 041 |
0 |
|
|a slo
|
| 043 |
|
|
|a e-xo---
|
| 044 |
|
|
|a xo
|c SK
|
| 080 |
|
|
|a 913(437.6)
|2 2011
|
| 080 |
|
|
|a 711.435
|2 2011
|
| 080 |
|
|
|a 711.455:615.838
|2 2011
|
| 080 |
|
|
|a (437.6)
|2 2011
|
| 080 |
|
|
|a (084.121)
|2 2011
|
| 245 |
0 |
0 |
|a Piešťany
|h grafika
|
| 260 |
|
|
|a [Bratislava]
|b Slovakotour
|c 1947
|e Holice
|f Grafo Čuda
|
| 300 |
|
|
|a 1 pohľadnica (9 čiastkových pohľadov)
|b tónovaná do hneda
|c 9 x 14 cm
|
| 520 |
8 |
|
|a Zobrazenie: pohľad na Grand Hotel Royal, Kúpele Irma, Palace Sanatorium Dr. Brežný, Kolonádový most, Thermia Palace, Kolonádový most z kúpeľného ostrova, Hotel Eden, Krajinský most, Pro Patria
|
| 650 |
0 |
7 |
|a kúpele
|2 SNKPH
|9 1139
|
| 651 |
|
7 |
|a Piešťany (Slovensko)
|2 SNKPH
|9 23981
|
| 655 |
|
7 |
|a miestne pohľadnice
|2 SNKPH
|9 70510
|
| 852 |
|
|
|a Slovenská národná knižnica
|
| 958 |
|
|
|a GC
|
| 958 |
|
|
|a GBN
|
| 958 |
|
|
|a OND
|
| 999 |
|
|
|c 1024621
|d 1026551
|
| 952 |
|
|
|a SNK
|b SNK
|y PREZ
|7 0
|p 17A1208894
|o snkSP 22328
|0 0
|1 0
|4 0
|d 2016-09-26
|f 1
|l 0
|r 2026-02-24 13:35:15
|w 2026-02-24
|